Santa María de Lluch (Record no. 109992)

MARC details
000 -LEADER
campo de control de longitud fija 00990nam a2200229 4500
001 - NÚMERO DE CONTROL
campo de control 109992
003 - IDENTIFICADOR DE NÚMERO DE CONTROL
campo de control ES-MaACL
005 - FECHA Y HORA DE LA ÚLTIMA TRANSACCIÓN
campo de control 20250401195936.0
007 - CAMPO FIJO DE DESCRIPCIÓN FÍSICA--INFORMACIÓN GENERAL
campo de control de longitud fija t|
008 - DATOS DE LONGITUD FIJA--INFORMACIÓN GENERAL
campo de control de longitud fija 061121s1952 sp r ||||1| spa d
100 1# - ENTRADA PRINCIPAL--NOMBRE DE PERSONA
Nombre de persona Obrador Socías, José.
9 (RLIN) 86419
245 10 - MENCIÓN DEL TÍTULO
Título Santa María de Lluch
Resto del título : historia de su colegiata (Mallorca) /
Mención de responsabilidad, etc. José Obrador Socías.
260 ## - PUBLICACIÓN, DISTRIBUCIÓN, ETC.
Lugar de publicación, distribución, etc. Palma de Mallorca :
Nombre del editor, distribuidor, etc. [s.n.],
Fecha de publicación, distribución, etc. 1952 (
Fabricante Imp. Sagrados Corazones)
300 ## - DESCRIPCIÓN FÍSICA
Extensión 273 p., 11 lám :
Otras características físicas il. ;
Dimensiones 25 cm.
510 ## - NOTA DE CITAS O REFERENCIAS BIBLIOGRÁFICAS
Nombre de la fuente CCPB,
Localización dentro de la fuente 001212443-5
650 #7 - PUNTO DE ACCESO ADICIONAL DE MATERIA--TÉRMINO DE MATERIA
9 (RLIN) 169626
Término de materia o nombre geográfico como elemento de entrada Arquitectura religiosa-
Subdivisión geográfica España
852 ## - LOCALIZACIÓN
Ubicación ES-MaACL
Número de control de estantería D-6410
Sublocalización o colección R.35303
-- R.M.6005
itemnumber 114157
Ubicación en estantería Sala Valle Inclán
Marcas de propiedad Sello en tinta azul de la Biblioteca del Ateneo de Madrid
Anotaciones manuscritas Anotaciones manuscritas en cubierta: "13" ; "64"
Nota libre En cubierta: "2.JUN.1952"
942 ## - ELEMENTOS DE ENTRADA SECUNDARIOS (KOHA)
Fuente del sistema de clasificación o colocación Clasificación decimal universal
Tipo de ítem Koha Libro impreso
Holdings
Estatus retirado Estado de pérdida Estado de daño No para préstamo Biblioteca de origen Biblioteca actual Ubicación en estantería Fecha de adquisición Fuente de adquisición Total de préstamos Signatura topográfica completa Código de barras Visto por última vez Precio de reemplazo Tipo de ítem Koha
        Biblioteca del Ateneo de Madrid Biblioteca del Ateneo de Madrid Sala Valle Inclán 17/01/2008     D-6410 901114761 23/02/2023 23/02/2023 Libro impreso